000 01261nam a2200325 i 4500
003 EG-GICUC
005 20260121101455.0
008 251213s1991 ua ||||fr|||| 00| 0 ara d
017 _a۱۹۹۱ / ٧٣٦٩
020 _a977-04-0722-4
040 _a EG-GICUC
_bara
_c EG-GICUC
_d EG-GICUC
_erda
041 0 _aara
082 0 4 _221
_a345.421
_bص ل . ن
092 0 4 _221
099 _aLaw1 07 345.421 ص ل . ن 1991
100 0 _aصلاح الدين فوزي
_eمؤلف.
245 1 2 _aالنظام القانوني للوظيفة العامة الدولية :
_b«دراسة مقارنة» /
_cدكتور صلاح الدين فوزي.
264 _aالقاهرة :
_bدار النهضة العربية،
_c1991.
300 _a244 ؛صفحة
_c24 سم.
336 _2rda content
_atext
337 _2rda media
_aComputer
338 _2rda carrier
_aOnline Resource
504 _aيشتمل على إرجاعات ببليوجرافية.
546 _aالنص أغلبه باللغة العربية مع بعض النصوص الفرنسية
650 1 4 _aالموظف العام الدولي
650 1 4 _aالقانون الإداري
856 4 0 _uhttps://fll.law.cu.edu.eg/fulltext/bks/B07-01427.pdf
905 _a32
942 _2ddc
_cBK
_e21
_n0
999 _c50048
_d50048